00625nam a2200181Ia 4500008004100000020001500041041001200056100001900068245005900087250000800146260003200154300000800186650001700194700001500211942000700226999001700233952019300250221030s9999 xx 000 0 und d a8185015902 aEnglish aT. G. Beckwith 0aMechanical Measurementscby T. G. Beckwith, N. L. Buck a3rd bNarosa PubaNew Delhic1995 a730 aBB Mechanics aN. L. Buck cBK c17930d17930 pBB 870g200.00l0eDonated by Ms. Divya Jain ( ECE )r2025-05-17 00:00:00w2022-10-30yBK003Print4070aMIETLIBbMIETLIBcBL-Academic Block B, FL-2, CUP-87, SH-2, R-2d2018-10-2610HBB